| 000 | 00726nam a2200193 4500 | ||
|---|---|---|---|
| 003 | CO-ViMGA | ||
| 020 | _a978-958-743-319-7 | ||
| 040 |
_aCO-ViMGA _bspa _cCO-ViMGA |
||
| 082 | 0 | 4 |
_a869.43 _bC65b |
| 100 | 1 |
_aColasanti, Marina _99573 |
|
| 245 | 1 | 0 |
_aBreve historia de un pequeño amor / _cMarina Colasanti ; ilustraciones de Elizabeth Builes ; traducción de Beatriz Peña Trujillo |
| 260 |
_aBogotá : _b Alfaguara, _c2015. |
||
| 300 |
_a65 p. : il. col. ; _b23 cm. |
||
| 490 | _a(Nidos para la lectura / Yolanda Reyes, directora) | ||
| 650 | 1 | 4 |
_aCuentos infantiles brasileños _ySiglo XXI _99574 |
| 700 | 1 |
_aBuiles, Elizabeth, _eilustrador _99575 |
|
| 700 | 1 |
_aPeña Trujillo, Beatriz, _e traductor _99576 |
|
| 942 |
_2ddc _cBK |
||
| 999 |
_c37973 _d37973 |
||